[Event "20th Reykjavik op"]
[Site "Reykjavik ISL"]
[Date "2002.03.09"]
[Round "3"]
[White "Bjornsson, Sigurbjorn"]
[Black "Halldorsson, Jon Arni"]
[Result "0-1"]
[WhiteElo "2312"]
[BlackElo "2181"]
[EventDate "2002.03.07"]
[PlyCount "126"]

1.e4 e6 2.d4 d5 3.Nc3 Nf6 4.Bg5 Be7 5.e5 Nfd7 6.Bxe7 Qxe7 7.f4 O-O 8.Nf3 
c5 9.Qd2 Nc6 10.dxc5 Qxc5 11.O-O-O Nb6 12.h4 Bd7 13.h5 Rfc8 14.h6 g6 15.
Kb1 Nb4 16.Qd4 Na4 17.Qxc5 Rxc5 18.Nxa4 Bxa4 19.b3 Bb5 20.Bxb5 Rxb5 21.Rd4
Rc8 22.a4 Rb6 23.Rc1 Nc6 24.Rd2 Rb4 25.g3 a6 26.Nh2 Nb8 27.Ng4 Nd7 28.Rcd1
f5 29.exf6 Kf7 30.Ne5+ Nxe5 31.fxe5 Re4 32.c4 Rxe5 33.cxd5 Kxf6 34.d6 Rd8 
35.Rc2 Rh5 36.Rc7 Rxh6 37.Rxb7 Rh3 38.Kb2 Rxg3 39.Rxh7 Rb8 40.Rc7 Rgxb3+ 
41.Kc2 Rb2+ 42.Kc3 a5 43.Kd4 Rd8 44.Rf1+ Kg5 45.Rg1+ Kf6 46.Rf1+ Kg5 47.
Rc6 Rd2+ 48.Kc5 Rd5+ 49.Kb6 R8xd6 50.Rxd6 Rxd6+ 51.Kxa5 e5 52.Kb5 e4 53.a5
Kg4 54.a6 e3 55.a7 Rd8 56.Rg1+ Kf5 57.Kc4 g5 58.Ra1 e2 59.Re1 Ra8 60.Kd3 
Rxa7 61.Ke3 Re7+ 62.Kf3 g4+ 63.Kf2 Kf4 0-1

[Event "20th Reykjavik op"]
[Site "Reykjavik ISL"]
[Date "2002.03.09"]
[Round "3"]
[White "Brodsky, Mikhail"]
[Black "Boricsev, Oleg"]
[Result "1-0"]
[WhiteElo "2542"]
[BlackElo "2333"]
[EventDate "2002.03.07"]
[PlyCount "65"]

1.e4 d5 2.exd5 Qxd5 3.Nc3 Qa5 4.d4 Nf6 5.Nf3 c6 6.Bc4 Bf5 7.Bd2 e6 8.Ne4 
Qd8 9.Ng3 Bg6 10.h4 h6 11.Ne5 Bh7 12.Qe2 Nd5 13.O-O-O Nd7 14.f4 Nxe5 15.
dxe5 Qc7 16.h5 O-O-O 17.Ne4 Bxe4 18.Qxe4 Bc5 19.Be2 Rd7 20.c4 Ne7 21.Bc3 
Rxd1+ 22.Rxd1 Nf5 23.Rd3 Rd8 24.g4 Rxd3 25.Bxd3 Ne7 26.f5 Ng8 27.Kc2 Qd8 
28.Qf4 Qg5 29.Qf3 Qe3 30.Qxe3 Bxe3 31.f6 gxf6 32.Bh7 f5 33.Kd3 1-0

[Event "20th Reykjavik op"]
[Site "Reykjavik ISL"]
[Date "2002.03.09"]
[Round "3"]
[White "Danielsen, Henrik"]
[Black "Olafsson, Helgi"]
[Result "1-0"]
[WhiteElo "2520"]
[BlackElo "2474"]
[EventDate "2002.03.07"]
[PlyCount "71"]

1.f4 c5 2.b3 Nf6 3.Bb2 g6 4.e4 Bg7 5.Bc4 d6 6.e5 dxe5 7.fxe5 Nd5 8.Qf3 e6 
9.Qg3 Nc6 10.Nf3 a6 11.Nc3 b5 12.Bd3 Ncb4 13.Ne4 O-O 14.Nxc5 Qc7 15.Qf2 
Nxd3+ 16.cxd3 a5 17.O-O b4 18.Rac1 Qd8 19.Qg3 h6 20.Nd4 Qb6 21.Kh1 Nc3 22.
Ncxe6 Bxe6 23.dxc3 bxc3 24.Bxc3 a4 25.Rb1 axb3 26.axb3 Rfc8 27.Nxe6 Qxe6 
28.d4 Ra3 29.Bb4 Ra2 30.Rf2 Rxf2 31.Qxf2 Qd5 32.Bd6 Rc3 33.b4 h5 34.b5 Rb3
35.Rxb3 Qxb3 36.Qf1 1-0

[Event "20th Reykjavik op"]
[Site "Reykjavik ISL"]
[Date "2002.03.09"]
[Round "3"]
[White "Edvardsson, Kristjan"]
[Black "Schubert, Hans-Joachim"]
[Result "1-0"]
[WhiteElo "2239"]
[BlackElo "2005"]
[EventDate "2002.03.07"]
[PlyCount "85"]

1.d4 f5 2.g3 Nf6 3.Bg2 e6 4.c4 d5 5.Nd2 c6 6.Qc2 Be7 7.Nh3 Na6 8.a3 Nc7 9.
O-O O-O 10.Nf3 Ne4 11.Nf4 Bd7 12.Ne5 Be8 13.f3 Nd6 14.Rd1 Nf7 15.cxd5 Nxe5
16.dxe5 exd5 17.Bh3 g5 18.Nd3 Bg6 19.f4 g4 20.Bg2 h5 21.b4 Ne6 22.Bb2 a5 
23.Kh1 Kf7 24.Nc5 Bxc5 25.bxc5 h4 26.Rac1 Rh8 27.Kg1 Qc7 28.a4 Rh5 29.Rd3 
Rah8 30.Rb3 hxg3 31.hxg3 Kf8 32.Qc3 Rh2 33.Kf2 Rxg2+ 34.Kxg2 Qh7 35.Rg1 
Qh2+ 36.Kf1 d4 37.Qxa5 Qh3+ 38.Kf2 Nxf4 39.Qd8+ Be8 40.Qf6+ Bf7 41.gxf4 
Qh2+ 42.Rg2 Qxf4+ 43.Kg1 1-0

[Event "20th Reykjavik op"]
[Site "Reykjavik ISL"]
[Date "2002.03.09"]
[Round "3"]
[White "Gunnarsson, Jon Viktor"]
[Black "Votava, Jan"]
[Result "0-1"]
[WhiteElo "2402"]
[BlackElo "2515"]
[EventDate "2002.03.07"]
[PlyCount "198"]

1.e4 c5 2.Nf3 e6 3.d4 cxd4 4.Nxd4 a6 5.Nc3 Qc7 6.g3 Nc6 7.Bg2 Nf6 8.O-O d6
9.Re1 Nd7 10.Nxc6 bxc6 11.Na4 Bb7 12.c4 c5 13.b3 Be7 14.Bb2 O-O 15.Qe2 Bc6
16.Nc3 Bf6 17.Rad1 Bd4 18.Kh1 Rfe8 19.f4 Qb7 20.Nb1 e5 21.f5 a5 22.g4 f6 
23.Nc3 a4 24.Nb5 Bxb5 25.cxb5 axb3 26.axb3 Rab8 27.Bf1 d5 28.Bc1 Nb6 29.
Bg2 h6 30.h4 Nc8 31.g5 hxg5 32.hxg5 fxg5 33.Bxg5 Nd6 34.Qg4 Qf7 35.Rd3 
Nxe4 36.Rxe4 dxe4 37.Bxe4 Ra8 38.Qf3 Ra1+ 39.Kh2 Ra2+ 40.Kh3 Kf8 41.b6 Rf2
42.Qg4 Rb8 43.Qh4 Re2 44.Qh8+ Qg8 45.Qxg8+ Kxg8 46.Bd5+ Kf8 47.b7 e4 48.
Rd1 Be5 49.Kg4 e3 50.Rh1 Rh2 51.Bxe3 Rxh1 52.Bxc5+ Ke8 53.Bc6+ Kf7 54.Bxh1
Rd8 55.Be4 Bb8 56.Kf3 Kf6 57.Bf2 Ke5 58.Bg3+ Kd4 59.Bxb8 Rxb8 60.Kf4 Rf8 
61.Bc6 Kc5 62.Bd7 Kd6 63.Bc8 Kc7 64.Kg5 Rf6 65.b4 Rb6 66.b5 Kd8 67.Kf4 Ke7
68.Ke4 Rxb5 69.Kd4 Kd6 70.Kc4 Rb6 71.Kd4 Rb4+ 72.Kc3 Kc5 73.Kd3 Kd5 74.
Be6+ Kd6 75.Bc8 Kc5 76.Kc3 Rb6 77.Kd3 Kb4 78.Kd4 Rb5 79.Ke4 Kc3 80.Ke3 Rb4
81.Ke2 Kb3 82.Kd3 Kb2 83.Kd2 Rb3 84.Kd1 Kc3 85.Ke2 Kd4 86.Kf2 Ke4 87.Kg2 
Kf4 88.Kf2 Rb2+ 89.Ke1 Ke3 90.Kd1 Kd3 91.Ke1 Re2+ 92.Kf1 Rb2 93.Ke1 Kd4 
94.Kd1 Kc3 95.Kc1 Rb6 96.Kd1 Kd3 97.Ke1 Rb2 98.Be6 Ke3 99.Kf1 Rxb7 0-1

[Event "20th Reykjavik op"]
[Site "Reykjavik ISL"]
[Date "2002.03.09"]
[Round "3"]
[White "Hagesaether, Ellen"]
[Black "Kristinsdottir, Aslaug"]
[Result "1-0"]
[WhiteElo "2102"]
[BlackElo "2007"]
[EventDate "2002.03.07"]
[PlyCount "81"]

1.e4 c5 2.d3 Nc6 3.Nd2 e6 4.Ngf3 d5 5.g3 Nf6 6.Bg2 dxe4 7.dxe4 Be7 8.O-O 
O-O 9.c3 Qc7 10.Re1 e5 11.Nh4 Rd8 12.Qe2 Be6 13.Ndf3 a6 14.Ng5 Bg4 15.Qc4 
Bf8 16.Nf5 Bh5 17.f4 b5 18.Qf1 h6 19.Nf3 exf4 20.Bxf4 Qb6 21.h3 Re8 22.g4 
Bg6 23.N3h4 Bxf5 24.exf5 Rad8 25.Kh1 c4 26.Bf3 Bc5 27.Ng2 Nd7 28.Rad1 Nf6 
29.Re2 Rxe2 30.Rxd8+ Nxd8 31.Qxe2 Bd6 32.Be3 Qc7 33.h4 Qe7 34.Qd2 Be5 35.
g5 hxg5 36.hxg5 Nd7 37.Qd5 Qd6 38.Qa8 Nf8 39.Qd5 g6 40.Qxd6 Bxd6 41.Bb6 
1-0

[Event "20th Reykjavik op"]
[Site "Reykjavik ISL"]
[Date "2002.03.09"]
[Round "3"]
[White "Halldorsson, Halldor"]
[Black "Arngrimsson, Dagur"]
[Result "1/2-1/2"]
[WhiteElo "2149"]
[BlackElo "2094"]
[EventDate "2002.03.07"]
[PlyCount "56"]

1.e4 e5 2.Nf3 Nc6 3.Bb5 a6 4.Ba4 Nf6 5.O-O Nxe4 6.d4 b5 7.Bb3 d5 8.dxe5 
Be6 9.Nbd2 Nc5 10.c3 Be7 11.Qe2 Bg4 12.Bc2 Ne6 13.Re1 Qd7 14.a4 Rb8 15.b4 
d4 16.axb5 axb5 17.Qe4 Bh5 18.Ra6 Ncd8 19.Nh4 dxc3 20.Nb3 Qc8 21.Ra7 Qd7 
22.Ra6 c5 23.bxc5 Qb7 24.Qxb7 Nxb7 25.Nf5 Nbxc5 26.Nxc5 Nxc5 27.Ra7 Bf8 
28.Nd4 Ne6 1/2-1/2

[Event "20th Reykjavik op"]
[Site "Reykjavik ISL"]
[Date "2002.03.09"]
[Round "3"]
[White "Hardarson, Robert"]
[Black "Ingolfsdottir, Harpa"]
[Result "1-0"]
[WhiteElo "2298"]
[BlackElo "2053"]
[EventDate "2002.03.07"]
[PlyCount "89"]

1.e4 e6 2.d4 d5 3.Nd2 c5 4.exd5 Qxd5 5.Ngf3 cxd4 6.Bc4 Qd6 7.O-O Nf6 8.Nb3
Nc6 9.Nbxd4 Nxd4 10.Nxd4 a6 11.c3 Qc7 12.Bd3 Bd6 13.h3 O-O 14.Qf3 b6 15.
Bg5 Bb7 16.Qe2 Kh8 17.Rfe1 Rg8 18.Rad1 Qc5 19.Bc1 Qh5 20.Qxh5 Nxh5 21.Nxe6
fxe6 22.Be2 Nf4 23.Rxd6 Nxg2 24.Red1 b5 25.Rb6 Rab8 26.Rxb7 Rxb7 27.Kxg2 
a5 28.Bf4 Rf7 29.Be5 Rgf8 30.f4 Kg8 31.Bxb5 g5 32.Bc4 Re8 33.fxg5 Rf5 34.
Bf6 h6 35.h4 Rf4 36.Bb5 Rf8 37.Kg3 e5 38.Bxe5 Rf3+ 39.Kg4 h5+ 40.Kxh5 Kf7 
41.Bc4+ Ke8 42.Bf6 R8xf6 43.gxf6 Rxf6 44.Kg5 Rf2 45.Re1+ 1-0

[Event "20th Reykjavik op"]
[Site "Reykjavik ISL"]
[Date "2002.03.09"]
[Round "3"]
[White "Hillarp Persson, Tiger"]
[Black "Korneev, Oleg"]
[Result "0-1"]
[WhiteElo "2456"]
[BlackElo "2568"]
[EventDate "2002.03.07"]
[PlyCount "146"]

1.d4 d5 2.c4 e6 3.Nf3 Nf6 4.Nc3 c6 5.Bg5 dxc4 6.e4 b5 7.a4 Qb6 8.Bxf6 gxf6
9.Be2 a6 10.d5 Bb7 11.dxe6 fxe6 12.Nd4 c5 13.Bh5+ Ke7 14.Nf5+ exf5 15.Nd5+
Bxd5 16.Qxd5 Qc6 17.Qf7+ Kd8 18.O-O-O+ Nd7 19.Rxd7+ Qxd7 20.Rd1 Bd6 21.
Qxf6+ Kc7 22.e5 Rhf8 23.exd6+ Kb6 24.a5+ Kxa5 25.Qe5 Kb6 26.f4 a5 27.Qe7 
Qxe7 28.dxe7 Rfe8 29.Rd7 Kc6 30.Bxe8 Rxe8 31.Ra7 h5 32.Ra6+ Kd5 33.Rxa5 
Rxe7 34.Rxb5 Re2 35.Rb8 Rxg2 36.Re8 Rxh2 37.Re5+ Kd4 38.Rxf5 h4 39.Rh5 h3 
40.Kb1 Rh1+ 41.Ka2 h2 42.f5 Ke5 43.f6+ Kxf6 44.Rh8 Ke5 45.Rh4 Kf5 46.Rh8 
Ke4 47.Rh3 Kd4 48.Rh7 Kd3 49.Rh8 Kc2 50.Rh5 Kc1 51.Rh8 c3 52.bxc3 c4 53.
Rh4 Rd1 54.Rxh2 Rd2+ 55.Ka1 Kc2 56.Rh8 Kb3 57.Rb8+ Kc2 58.Rh8 Rd5 59.Rh2+ 
Kb3 60.Rb2+ Kxc3 61.Rb8 Kc2 62.Rb2+ Kd3 63.Rh2 Re5 64.Rh1 Kc2 65.Rh2+ Kb3 
66.Rb2+ Kc3 67.Kb1 Kd3 68.Rb8 Re1+ 69.Ka2 c3 70.Rd8+ Kc2 71.Rh8 Kd1 72.Kb3
c2 73.Rd8+ Kc1 0-1

[Event "20th Reykjavik op"]
[Site "Reykjavik ISL"]
[Date "2002.03.09"]
[Round "3"]
[White "Holmsten, Aleksei"]
[Black "Thorarinsson, Pall"]
[Result "1/2-1/2"]
[WhiteElo "2420"]
[BlackElo "2217"]
[EventDate "2002.03.07"]
[PlyCount "149"]

1.e4 d6 2.d4 Nf6 3.Nc3 g6 4.f4 Bg7 5.e5 Nfd7 6.Nf3 c5 7.exd6 O-O 8.Be2 
exd6 9.O-O cxd4 10.Nb5 Qb6 11.Nbxd4 Nc6 12.c3 Re8 13.f5 Nf6 14.Qb3 Nxd4 
15.Nxd4 Qxb3 16.axb3 Bxf5 17.Nxf5 Rxe2 18.Nxd6 b6 19.Nb5 a5 20.b4 Nd5 21.
Rd1 Ne3 22.Bxe3 Rxe3 23.bxa5 bxa5 24.Kf2 Re5 25.Nd4 Rb8 26.b4 axb4 27.cxb4
Re4 28.Nc6 Bxa1 29.Nxb8 Rxb4 30.Rxa1 Rxb8 31.Ra2 Rb3 32.h4 h5 33.g3 Kg7 
34.Ra6 Rb8 35.Kf3 Re8 36.Rb6 Re6 37.Rb4 Rc6 38.Ra4 Kf6 39.Rf4+ Ke7 40.Re4+
Re6 41.Ra4 Rd6 42.Re4+ Kd7 43.Ra4 f6 44.Kf4 Ke6 45.Re4+ Kf7 46.Ra4 Rd7 47.
Rb4 Rc7 48.Ra4 Ke6 49.Ra6+ Ke7 50.Ra4 Kd6 51.Rd4+ Ke6 52.Ra4 Kd5 53.Ra5+ 
Rc5 54.Ra6 Rc4+ 55.Kf3 Ke5 56.Ra5+ Kd4 57.Ra6 Ke5 58.Ra5+ Kd6 59.Ra6+ Rc6 
60.Ra5 Rc5 61.Ra4 Kd5 62.Ra3 Ke5 63.Re3+ Kf5 64.Ra3 g5 65.hxg5 fxg5 66.g4+
hxg4+ 67.Kg3 Re5 68.Rb3 Re4 69.Rb5+ Kg6 70.Rb8 Rf4 71.Ra8 Rf1 72.Kxg4 Rg1+
73.Kf3 g4+ 74.Kf2 Rd1 75.Kg3 1/2-1/2

[Event "20th Reykjavik op"]
[Site "Reykjavik ISL"]
[Date "2002.03.09"]
[Round "3"]
[White "Ivanov, Mikhail M."]
[Black "Halldorsson, Bragi"]
[Result "1-0"]
[WhiteElo "2446"]
[BlackElo "2236"]
[EventDate "2002.03.07"]
[PlyCount "122"]

1.Nf3 d5 2.d4 Nf6 3.c4 c6 4.Qc2 e6 5.Bg5 Be7 6.e3 O-O 7.Nc3 Nbd7 8.Bd3 b6 
9.cxd5 cxd5 10.Bf4 a6 11.O-O Bb7 12.Rfc1 h6 13.Na4 Ne8 14.Qe2 Bd6 15.Rc2 
Qb8 16.Ne5 Nef6 17.Rac1 b5 18.Nxd7 Nxd7 19.Nc5 Nxc5 20.Bxd6 Qxd6 21.Rxc5 
e5 22.Qg4 e4 23.Be2 f5 24.Qg3 Qxg3 25.hxg3 Rac8 26.Rc7 Rxc7 27.Rxc7 Rf7 
28.Rc5 g6 29.Bd1 Kf8 30.Bb3 Rd7 31.a4 bxa4 32.Bxa4 Rd6 33.Rc7 Rb6 34.b3 
Kg8 35.Kh2 h5 36.Kh3 g5 37.f4 exf3 38.gxf3 a5 39.f4 gxf4 40.exf4 Ba6 41.
Rc6 Bf1+ 42.Kh4 Rb4 43.Kxh5 Kf7 44.Kg5 Bd3 45.Rc7+ Ke6 46.g4 fxg4 47.f5+ 
Bxf5 48.Rc6+ Kd7 49.Ra6+ Kc7 50.Kxf5 Rxd4 51.Rxa5 Kd6 52.Ra6+ Kc5 53.Rg6 
Rd2 54.Rxg4 d4 55.Ke4 Kb4 56.Rg3 Kc5 57.Rg8 Re2+ 58.Kd3 Re3+ 59.Kd2 Rh3 
60.Rg5+ Kd6 61.b4 Ra3 1-0

[Event "20th Reykjavik op"]
[Site "Reykjavik ISL"]
[Date "2002.03.09"]
[Round "3"]
[White "Johannesson, Ingvar Thor"]
[Black "Einarsson, Einar Kristinn"]
[Result "1-0"]
[WhiteElo "2267"]
[BlackElo "2107"]
[EventDate "2002.03.07"]
[PlyCount "67"]

1.f4 e5 2.fxe5 d6 3.exd6 Bxd6 4.Nf3 Bg4 5.e4 Qe7 6.Nc3 Nf6 7.d3 Nc6 8.Be2 
Bxf3 9.Bxf3 h5 10.Be3 O-O-O 11.Qe2 Be5 12.a3 Kb8 13.Nd5 Nxd5 14.exd5 Bd4 
15.dxc6 Bxe3 16.Be4 Qg5 17.h4 Qg3+ 18.Kd1 Rhe8 19.Rh3 Qe5 20.Rxe3 f5 21.c3
fxe4 22.d4 bxc6 23.Kc2 Qd5 24.Re1 c5 25.Qb5+ Qb7 26.Qxb7+ Kxb7 27.dxc5 Kc6
28.Rxe4 Rxe4 29.Rxe4 Rd5 30.b4 Rf5 31.Kd3 Rf2 32.Re6+ Kb5 33.c4+ Ka4 34.
Kc3 1-0

[Event "20th Reykjavik op"]
[Site "Reykjavik ISL"]
[Date "2002.03.09"]
[Round "3"]
[White "Kiss, Pal"]
[Black "Thorhallsson, Throestur"]
[Result "0-1"]
[WhiteElo "2390"]
[BlackElo "2434"]
[EventDate "2002.03.07"]
[PlyCount "136"]

1.d4 d5 2.c4 dxc4 3.Nf3 Nf6 4.e3 e6 5.Bxc4 c5 6.O-O a6 7.a4 Nc6 8.Qe2 cxd4
9.Rd1 d3 10.Rxd3 Qc7 11.Nc3 Bc5 12.h3 O-O 13.Rd1 b6 14.e4 Nd7 15.Be3 Bb7 
16.Rac1 Nde5 17.Bxc5 bxc5 18.Nxe5 Qxe5 19.Qe3 Na5 20.Qe2 h6 21.f3 Rfd8 22.
Ba2 Nc6 23.Bc4 Rd4 24.Rxd4 Nxd4 25.Qf1 Rb8 26.Rd1 Bc6 27.Qf2 Rb4 28.Bxa6 
Bxa4 29.Rd2 Bc6 30.Bf1 Rb8 31.Nd1 Bb5 32.Ne3 Bxf1 33.Nxf1 Rb3 34.Qg3 Qxg3 
35.Nxg3 Rxf3 36.Rxd4 Rxg3 37.Rc4 Rb3 38.Rxc5 Rxb2 39.Kh2 Rb4 40.e5 Rb3 41.
g4 h5 42.gxh5 Rf3 43.Rc8+ Kh7 44.Rf8 Rf5 45.Kg3 g6 46.hxg6+ Kxg6 47.Rg8+ 
Kh7 48.Rg4 Rxe5 49.Kf4 Rf5+ 50.Ke4 Rh5 51.Rg3 Kh6 52.Kf4 Rf5+ 53.Ke4 Rg5 
54.Ra3 Kg6 55.Rf3 f6 56.Ra3 Rb5 57.Rg3+ Kf7 58.Ra3 f5+ 59.Kf3 Kf6 60.Kg3 
Kg5 61.Ra8 Rb3+ 62.Kg2 e5 63.Rg8+ Kf4 64.h4 Rb6 65.Rh8 e4 66.h5 e3 67.h6 
Rg6+ 68.Kf1 Kf3 0-1

[Event "20th Reykjavik op"]
[Site "Reykjavik ISL"]
[Date "2002.03.09"]
[Round "3"]
[White "Kjartansson, David"]
[Black "Arnarsson, Hrannar"]
[Result "0-1"]
[WhiteElo "2235"]
[BlackElo "2035"]
[EventDate "2002.03.07"]
[PlyCount "54"]

1.d4 g6 2.Nf3 Bg7 3.Bg5 Nf6 4.Nbd2 h6 5.Bxf6 exf6 6.e3 O-O 7.Bd3 d6 8.c3 
Nd7 9.g4 Re8 10.Qc2 Nf8 11.Rg1 Be6 12.O-O-O Qd7 13.h3 b5 14.Nh4 c5 15.f4 
Bxa2 16.Rg3 a5 17.Rdg1 a4 18.Nf5 c4 19.Be2 Bb3 20.Nxb3 axb3 21.Qb1 Ra2 22.
Kd2 Rea8 23.Bf3 Rxb2+ 24.Qxb2 Ra2 25.Qxa2 bxa2 26.Nxg7 Qa7 27.Ra1 Qa3 0-1

[Event "20th Reykjavik op"]
[Site "Reykjavik ISL"]
[Date "2002.03.09"]
[Round "3"]
[White "Lie, Kjetil"]
[Black "Gretarsson, Helgi Ass"]
[Result "1/2-1/2"]
[WhiteElo "2388"]
[BlackElo "2520"]
[EventDate "2002.03.07"]
[PlyCount "47"]

1.c4 e5 2.g3 Nf6 3.Bg2 c6 4.d4 exd4 5.Qxd4 d5 6.cxd5 cxd5 7.Nf3 Nc6 8.Qa4 
Bc5 9.O-O O-O 10.Bg5 Re8 11.Qb5 Qb6 12.Qxb6 axb6 13.Bxf6 gxf6 14.e3 d4 15.
exd4 Nxd4 16.Nxd4 Bxd4 17.Nc3 Bxc3 18.bxc3 b5 19.Rfd1 Be6 20.Bxb7 Rxa2 21.
Rxa2 Bxa2 22.Bd5 Bxd5 23.Rxd5 Rc8 24.Rxb5 1/2-1/2

[Event "20th Reykjavik op"]
[Site "Reykjavik ISL"]
[Date "2002.03.09"]
[Round "3"]
[White "Miezis, Normunds"]
[Black "Gunnarsson, Arnar"]
[Result "1-0"]
[WhiteElo "2498"]
[BlackElo "2322"]
[EventDate "2002.03.07"]
[PlyCount "109"]

1.c4 Nf6 2.Nc3 e6 3.e4 d5 4.exd5 exd5 5.d4 Be7 6.Nf3 O-O 7.Be2 Nbd7 8.O-O 
dxc4 9.Bxc4 Nb6 10.Bb3 c6 11.Re1 Bf5 12.Ne5 Nfd5 13.Qf3 Be6 14.Ne4 f6 15.
Nd3 Bf7 16.Nec5 Qc8 17.Bd2 Nd7 18.Ne4 N5b6 19.Nf4 Nc4 20.Nh5 Ndb6 21.Bf4 
Bd5 22.Qg3 Rf7 23.Bh6 Qf8 24.Bc2 Kh8 25.Bc1 Bb4 26.Re2 Re8 27.a3 Bd6 28.
Bf4 Bxe4 29.Rxe4 Rxe4 30.Bxe4 g5 31.Bxd6 Qxd6 32.Qc3 Qe6 33.Re1 Re7 34.Re2
Nd6 35.Ng3 Qc4 36.Qd2 Qa2 37.f3 Nbc4 38.Qc3 Nb5 39.Qb4 Re8 40.Bxc6 Qb1+ 
41.Kf2 Rxe2+ 42.Nxe2 Nbd6 43.Bxb7 a5 44.Qc5 Qxb2 45.Bd5 Qxa3 46.Qc7 Qe3+ 
47.Kf1 Qb3 48.Qd8+ Kg7 49.Qe7+ Kg6 50.Kf2 Qb8 51.h4 Qh8 52.h5+ Kh6 53.Bxc4
Nxc4 54.Kg3 g4 55.f4 1-0

[Event "20th Reykjavik op"]
[Site "Reykjavik ISL"]
[Date "2002.03.09"]
[Round "3"]
[White "Neverov, Valeriy"]
[Black "Kristjansson, Stefan"]
[Result "1/2-1/2"]
[WhiteElo "2578"]
[BlackElo "2389"]
[EventDate "2002.03.07"]
[PlyCount "86"]

1.d4 e6 2.c4 Nf6 3.Nf3 b6 4.Nc3 Bb4 5.e3 Bb7 6.Bd3 c5 7.O-O O-O 8.Na4 cxd4
9.a3 Be7 10.exd4 d6 11.Re1 Nbd7 12.Nc3 d5 13.b3 Rc8 14.Bb2 Qc7 15.Rc1 Qb8 
16.Ne5 Rfd8 17.f4 dxc4 18.bxc4 Nxe5 19.fxe5 Rxd4 20.Nd5 Nxd5 21.Bxd4 Nf4 
22.Be4 Rd8 23.Kh1 Bc5 24.Bxc5 Rxd1 25.Rcxd1 Bxe4 26.Rxe4 bxc5 27.Rxf4 f5 
28.Rff1 Qxe5 29.Rfe1 Qc3 30.Rxe6 h6 31.Ra6 Qxc4 32.Rxa7 Qe2 33.Rg1 c4 34.
a4 f4 35.a5 f3 36.gxf3 Qxf3+ 37.Rg2 g5 38.Rc7 c3 39.a6 Qd1+ 40.Rg1 Qf3+ 
41.Rg2 c2 42.a7 Qd1+ 43.Rg1 Qd5+ 1/2-1/2

[Event "20th Reykjavik op"]
[Site "Reykjavik ISL"]
[Date "2002.03.09"]
[Round "3"]
[White "Petursson, Gudni"]
[Black "Bergsson, Stefan"]
[Result "1/2-1/2"]
[WhiteElo "2112"]
[BlackElo "2021"]
[EventDate "2002.03.07"]
[PlyCount "71"]

1.d4 Nf6 2.c4 e6 3.Nc3 Bb4 4.Qc2 O-O 5.a3 Bxc3+ 6.Qxc3 b6 7.Bg5 h6 8.Bh4 
c5 9.dxc5 bxc5 10.e3 Nc6 11.Nf3 Qe7 12.Rd1 d6 13.Bxf6 gxf6 14.h4 e5 15.Qd2
Rd8 16.e4 Kh7 17.h5 Bg4 18.Be2 Bxf3 19.Bxf3 Qe6 20.Qd5 Nd4 21.Qxe6 fxe6 
22.b4 cxb4 23.axb4 a6 24.Kd2 Rdc8 25.Kd3 Rab8 26.Rb1 Rc7 27.Rhc1 Rcb7 28.
c5 dxc5 29.Rxc5 Rd8 30.Ke3 Kg7 31.Be2 Nxe2 32.Kxe2 Rd4 33.f3 Rdxb4 34.Rxb4
Rxb4 35.Rc7+ Kg8 36.Rc8+ 1/2-1/2

[Event "20th Reykjavik op"]
[Site "Reykjavik ISL"]
[Date "2002.03.09"]
[Round "3"]
[White "Ragnarsson, Johann"]
[Black "Gudmundsson, Kjartan"]
[Result "1-0"]
[WhiteElo "2118"]
[BlackElo "2034"]
[EventDate "2002.03.07"]
[PlyCount "123"]

1.d4 Nf6 2.c4 e6 3.Nc3 c5 4.d5 exd5 5.cxd5 d6 6.e4 g6 7.f4 Bg7 8.Bb5+ Nbd7
9.e5 dxe5 10.fxe5 Nh5 11.e6 Qh4+ 12.g3 Nxg3 13.hxg3 Qxh1 14.Be3 Bxc3+ 15.
bxc3 a6 16.exd7+ Bxd7 17.Bxd7+ Kxd7 18.Qb3 b5 19.O-O-O Rhe8 20.Bxc5 Rac8 
21.Bd4 Qg2 22.Qa3 Qxg3 23.Qxa6 Rxc3+ 24.Kb1 Re1 25.Qxb5+ Kc8 26.Qa6+ Kd7 
27.Qb5+ Kd6 28.Qb8+ Kd7 29.Qb5+ Kd6 30.Bc5+ Rxc5 31.Qb8+ Kd7 32.Qxg3 Rxd1+
33.Kb2 Rdxd5 34.Ne2 Rd6 35.a4 f5 36.Qe3 Rcd5 37.Qa7+ Kc6 38.a5 Rb5+ 39.Kc3
Rc5+ 40.Kb4 Rb5+ 41.Kc4 Rbd5 42.a6 Rd7 43.Qa8+ Kb6 44.Nc3 Rc5+ 45.Kb4 Rxc3
46.Kxc3 Ra7 47.Qb8+ Kxa6 48.Kc4 Rb7 49.Qc8 Ka7 50.Kc5 Rb1 51.Qd7+ Rb7 52.
Qa4+ Kb8 53.Kc6 Rc7+ 54.Kd6 Rb7 55.Qa5 Rb1 56.Qd8+ Ka7 57.Qc7+ Rb7 58.Qa5+
Kb8 59.Kc6 Rb1 60.Qe5+ Ka7 61.Qe7+ Ka6 62.Qa3# 1-0

[Event "20th Reykjavik op"]
[Site "Reykjavik ISL"]
[Date "2002.03.09"]
[Round "3"]
[White "Rowson, Jonathan"]
[Black "Shahade, Jennifer"]
[Result "1-0"]
[WhiteElo "2512"]
[BlackElo "2302"]
[EventDate "2002.03.07"]
[PlyCount "93"]

1.e4 c5 2.Nf3 d6 3.d4 Nf6 4.Nc3 cxd4 5.Nxd4 g6 6.Be3 Bg7 7.f3 Nc6 8.Qd2 
O-O 9.Bc4 Bd7 10.O-O-O Rc8 11.Bb3 Ne5 12.Kb1 Re8 13.h4 h5 14.Bh6 Bh8 15.g4
Nc4 16.Qe2 Qc7 17.gxh5 Nxh5 18.Ndb5 Bxb5 19.Nxb5 Qc6 20.Rd5 Kh7 21.Bc1 e6 
22.Rxh5+ gxh5 23.Bxc4 Qxc4 24.Qxc4 Rxc4 25.Nxd6 Rcc8 26.Bg5 f6 27.Be3 a6 
28.c4 Rg8 29.Nxc8 Rxc8 30.c5 Rd8 31.Kc2 f5 32.exf5 exf5 33.b4 Bf6 34.a4 
Rg8 35.Rd1 Rg2+ 36.Kb3 Rg3 37.Rf1 Bxh4 38.Bf4 Rh3 39.b5 axb5 40.axb5 Bg3 
41.Bd6 h4 42.b6 Kg7 43.Rd1 Bf2 44.c6 Rxf3+ 45.Kc4 bxc6 46.b7 Ba7 47.Ra1 
1-0

[Event "20th Reykjavik op"]
[Site "Reykjavik ISL"]
[Date "2002.03.09"]
[Round "3"]
[White "Schmied, Andreas"]
[Black "Ptacnikova, Lenka"]
[Result "1/2-1/2"]
[WhiteElo "2142"]
[BlackElo "2239"]
[EventDate "2002.03.07"]
[PlyCount "74"]

1.d4 Nf6 2.c4 e6 3.g3 Bb4+ 4.Bd2 Qe7 5.Nc3 Bxc3 6.Bxc3 Ne4 7.Rc1 Nxc3 8.
Rxc3 d6 9.Nf3 Nd7 10.Bg2 O-O 11.O-O a5 12.Qc2 c5 13.Rd1 Rb8 14.dxc5 Nxc5 
15.Nd2 Bd7 16.Ne4 Nxe4 17.Bxe4 f5 18.Bg2 b5 19.Qd2 bxc4 20.Qxd6 Qxd6 21.
Rxd6 Be8 22.Rc2 Kf7 23.f4 Bb5 24.Kf2 Rfc8 25.Rd4 Rc5 26.a4 Bxa4 27.Rcxc4 
Rxc4 28.Rxc4 Bb3 29.Rd4 Ke7 30.Rd2 Rc8 31.e4 Rc2 32.Rxc2 Bxc2 33.e5 Kd7 
34.Ke3 Kc7 35.Kd4 Kb6 36.Bf1 Bb3 37.Be2 Bd5 1/2-1/2

[Event "20th Reykjavik op"]
[Site "Reykjavik ISL"]
[Date "2002.03.09"]
[Round "3"]
[White "Sigfusson, Sigurdur"]
[Black "Fridjonsson, Julius"]
[Result "1-0"]
[WhiteElo "2351"]
[BlackElo "2200"]
[EventDate "2002.03.07"]
[PlyCount "65"]

1.e4 c6 2.d4 d5 3.Nc3 dxe4 4.Nxe4 Nf6 5.Nxf6+ exf6 6.Bc4 Bd6 7.Be3 O-O 8.
Qh5 Na6 9.c3 Nc7 10.Ne2 Be6 11.Bd3 g6 12.Qh6 Re8 13.c4 Bb4+ 14.Nc3 Bf8 15.
Qf4 b5 16.c5 Bd5 17.O-O f5 18.Qg3 Bg7 19.h4 Be4 20.Nxe4 fxe4 21.Bc2 Nd5 
22.a4 b4 23.a5 Qb8 24.Qxb8 Raxb8 25.Bb3 Red8 26.Rfc1 Ne7 27.Rc4 Nf5 28.Rd1
h5 29.Ba4 Rdc8 30.Bf4 Rb7 31.d5 cxd5 32.Rxd5 Ne7 33.a6 1-0

[Event "20th Reykjavik op"]
[Site "Reykjavik ISL"]
[Date "2002.03.09"]
[Round "3"]
[White "Stefansson, Hannes Hlifar"]
[Black "Westerinen, Heikki"]
[Result "1/2-1/2"]
[WhiteElo "2604"]
[BlackElo "2412"]
[EventDate "2002.03.07"]
[PlyCount "45"]

1.e4 e5 2.Nf3 Nc6 3.Bb5 Nf6 4.O-O Nxe4 5.d4 Nd6 6.Bxc6 dxc6 7.dxe5 Ne4 8.
Qe2 Bf5 9.Rd1 Qc8 10.Nd4 Bc5 11.b4 Bb6 12.f3 Qd7 13.Be3 O-O-O 14.c3 Rhe8 
15.fxe4 Bg4 16.Qf1 Bxd1 17.Qxd1 Rxe5 18.Nd2 c5 19.N4f3 Rxe4 20.Bxc5 Bxc5+ 
21.bxc5 Qe7 22.Kf1 Qxc5 23.Qc2 1/2-1/2

[Event "20th Reykjavik op"]
[Site "Reykjavik ISL"]
[Date "2002.03.09"]
[Round "3"]
[White "Thompson, Ian"]
[Black "Thorfinnsson, Bragi"]
[Result "0-1"]
[WhiteElo "2209"]
[BlackElo "2360"]
[EventDate "2002.03.07"]
[PlyCount "96"]

1.Nf3 Nf6 2.c4 c5 3.g3 b6 4.Bg2 Bb7 5.O-O e6 6.Nc3 Be7 7.Re1 O-O 8.e4 d6 
9.d4 cxd4 10.Nxd4 Qc8 11.Be3 Rd8 12.Rc1 Nbd7 13.f4 Bf8 14.Qe2 Re8 15.Nb3 
Rb8 16.Bf2 Nc5 17.Nxc5 bxc5 18.b3 Nd7 19.Red1 a6 20.Rd3 Bc6 21.Rcd1 Qb7 
22.Be1 Nb6 23.g4 d5 24.cxd5 exd5 25.e5 d4 26.Bxc6 Qxc6 27.Qe4 Qc8 28.Ne2 
Qxg4+ 29.Rg3 Qd7 30.b4 Qd5 31.Qd3 Na4 32.Qa3 Qe4 33.Nxd4 cxd4 34.Qxa4 Qxf4
35.Qxa6 Bxb4 36.Bxb4 Rxb4 37.Qd6 Rb2 38.Qxd4 Qxd4+ 39.Rxd4 Rxa2 40.Re3 Ra7
41.Rd5 Rae7 42.Rc3 h6 43.Rcc5 Kh7 44.Kf2 Kg6 45.Rd6+ Re6 46.Rc7 Rxd6 47.
exd6 Rd8 48.Rc6 Kf6 0-1

[Event "20th Reykjavik op"]
[Site "Reykjavik ISL"]
[Date "2002.03.09"]
[Round "3"]
[White "Thorsteinsson, Erlingur"]
[Black "Bergsson, Snorri"]
[Result "0-1"]
[WhiteElo "2142"]
[BlackElo "2275"]
[EventDate "2002.03.07"]
[PlyCount "72"]

1.Nf3 d5 2.d4 Nf6 3.Nbd2 c6 4.g3 Bg4 5.Bg2 Nbd7 6.O-O e6 7.Re1 Be7 8.e4 
dxe4 9.Nxe4 Nxe4 10.Rxe4 Nf6 11.Re1 O-O 12.c3 Nd5 13.c4 Nb6 14.b3 Bb4 15.
Bd2 Bxd2 16.Qxd2 Bxf3 17.Bxf3 Qf6 18.Qe3 Rfd8 19.Rad1 g6 20.a4 Qf5 21.Be4 
Qa5 22.Qf4 Rxd4 23.Qf6 e5 24.Kg2 Re8 25.Bxg6 fxg6 26.Rxd4 Qxe1 27.Rh4 Nd7 
28.Qd6 Nf8 29.c5 Qa5 30.f4 exf4 31.b4 Qd8 32.Qxf4 Re2+ 33.Kh3 Qd7+ 34.Rg4 
Qe6 35.Qc4 Qxc4 36.Rxc4 Ne6 0-1